000 00665nam a2200193Ii 4500
003 JO-AjNU
008 230605s9999||||xx |||||||||||||| ||und||
040 _aJO-AjNU
_bara
_erda
_cJO-AjNU
041 _aara
050 1 4 _aBP161.B3782 2005
100 3 _aالبرغوثي، سائد عبد المجيد,
_eauthor
_914167
245 0 0 _aروعة التوزان في الإسلام
264 3 1 _aعمان: دار النفائس للنشر والتوزيع، 2005
300 _a148ص
336 _atext
_btxt
_2rdacontent
337 _aunmediated
_bn
_2rdamedia
338 _avolume
_bnc
_2rdacarrier
650 4 _aالاعتدال (الاسلام) - الاسلام
_914168
999 _aA3714
_c7282
_d7282